000 01848nam a2200265 a 4500
001 000017411
003 DO-SdBNP
005 20250307073709.0
008 100324s1996 dr r 001 0 spa d
040 _aDO-SdBNP
_bspa
_cBNPHU
_erda
041 _hspa
082 4 _a923.77293
_222
111 1 _aSemana Internacional en Homenaje a Pedro Henríquez Ureña en el Cincuentenario de su Muerte 1946-1996
_d(1996 : 6-11 mayo
_cSanto Domingo, Dominican Republic)
_938098
245 1 0 _aPonencias de la semana internacional en homenaje a Pedro Henríquez Ureña en el cincuentenario de su muerte 1946-1996 /
_ceditor Jorge Tena Reyes.
264 1 _aSanto Domingo :
_bSecretaría de Estado de Educación, Bellas Artes y Cultos :
_bCorripio,
_c1996.
300 _axviii, 724 páginas ;
_c23 cm.
500 _aIncluye índice
500 _aIncluye referencias bibliográficas y notas al pie de las páginas.
520 _aUn homenaje bien merecido a Henríquez Ureña (1884-1946) sobre el 50 aniversario de su muerte. Henríquez Ureña comenzó, en un camino, el estudio de literatura latinoamericana como un campo que consiste en maestros principales y menores, períodos, y los géneros que cruzaron las fronteras de las literaturas inesperadas nacionales. Esta serie de papeles(periódicos) estudia su vida y trabajos. También incluye artículos por algunos de sus contemporáneos: Alfonso Reyes, José Vasconcelos, Amado Alonso, Anderson Imbert, y Juan Ramón Jiménez " - Manual de Estudios latinoamericanos, v. 58.
600 1 0 _aHenríquez Ureña, Pedro,
_d1884-1946
_xcongresos, conferencias, etc.
_91718
651 4 _aRepública Dominicana
_xVida intelectual
_918809
700 1 _aTena Reyes, Jorge,
_eeditor
_4ed.
_98252
710 1 _aRepública Dominicana.
_bSecretaría de Estado de Educación, Bellas Artes y Cultos
_923965
942 _2ddc
_cLBS1
999 _c16936
_d16936